Modelové aspekty procesu vyraďovania strojov a zariadení.

Metóda odhadu časového grafu vyraďovania strojov a zariadení z prevádzky. Intenzita zaraďovania strojov a zariadení do prevádzky a vyraďovania z prevádzky. Návrh postupu výpočtu priemernej doby životnosti vyraďovaných strojov a zariadení.

Gespeichert in:
Bibliographische Detailangaben
1. Verfasser: Ivaničová, Zlatica
Weitere Verfasser: Ďurináková, A.
Format: Buchkapitel
Sprache:Slowakisch
Schlagworte:
Tags: Tag hinzufügen
Keine Tags, Fügen Sie das erste Tag hinzu!

MARC

LEADER 00000naa a2200000 4500
001 r003295
005 20221125090438.3
041 0 |a slo 
044 |a SK 
245 1 0 |a Modelové aspekty procesu vyraďovania strojov a zariadení.  |c Zlatica Ivaničová, A. Ďurináková 
520 |a Metóda odhadu časového grafu vyraďovania strojov a zariadení z prevádzky. Intenzita zaraďovania strojov a zariadení do prevádzky a vyraďovania z prevádzky. Návrh postupu výpočtu priemernej doby životnosti vyraďovaných strojov a zariadení. 
610 2 0 |a vyraďovanie prostriedkov základných 
610 2 0 |a životnosť strojov 
610 2 0 |a modely ekonomicko-matematické 
610 2 0 |a metóda štvorcov najmenších 
610 2 0 |a simulácia 
100 1 |a Ivaničová, Zlatica 
700 1 |a Ďurináková, A.